[Event "La Pobla de Lillet op 21st"]
[Site "La Pobla de Lillet"]
[Date "2011.08.07"]
[Round "6"]
[White "Gorbatov, Alexej"]
[Black "Sanchez Urpi, Oriol"]
[Result "1-0"]
[WhiteElo "2375"]
[BlackElo "1952"]
[PlyCount "77"]
[EventDate "2011.08.02"]
[EventType "swiss"]
[EventRounds "9"]
[EventCountry "ESP"]
[SourceTitle "EXT 2015"]
[Source "ChessBase"]
[SourceDate "2014.11.20"]
[SourceVersion "1"]
[SourceVersionDate "2014.11.20"]
[SourceQuality "1"]

1. e4 c5 2. Nf3 d6 3. Bb5+ Bd7 4. a4 Nc6 5. 0-0 g6 6. c3 Bg7 7. d4 cxd4 8. cxd4 Nf6 9. Nc3 0-0 10. h3 a6 11. Bc4 Rc8 12. Qe2 Qc7 13. Ba2 Nb4 14. Bb3 e6 15. Bg5 h6 16. Be3 Kh7 17. Rfc1 Qb8 18. a5 b5 19. axb6 Qxb6 20. d5 Qb7 21. dxe6 Bxe6 22. Bxe6 fxe6 23. e5 dxe5 24. Nxe5 Nfd5 25. Nxd5 Qxd5 26. Nf3 e5 27. Rd1 Qc4 28. Qxc4 Rxc4 29. Rd7 Kg8 30. Nd2 Rc2 31. b3 Rf7 32. Rd6 Rb7 33. Rxg6 Kf7 34. Rd6 h5 35. Rd1 a5 36. Ne4 Rb2 37. Ng5+ Ke8 38. Bc5 Re7 39. Rd8# 1-0

[Event "Vilafranca del Penedes op 5th"]
[Site "Vilafranca del Penedes"]
[Date "2011.05.20"]
[Round "6.6"]
[White "Sanchez Urpi, Oriol"]
[Black "Del Valle Cirera, Adria"]
[Result "1/2-1/2"]
[WhiteElo "1962"]
[BlackElo "2201"]
[PlyCount "64"]
[EventDate "2011.04.08"]
[EventType "swiss"]
[EventRounds "8"]
[EventCountry "ESP"]
[SourceTitle "EXT 2024"]
[Source "ChessBase"]
[SourceDate "2023.10.10"]
[SourceVersion "1"]
[SourceVersionDate "2023.10.10"]
[SourceQuality "1"]

1. e4 c5 2. Nf3 d6 3. d4 cxd4 4. Nxd4 Nf6 5. Nc3 a6 6. Be2 e6 7. Be3 Nbd7 8. Qd2 b5 9. a3 Bb7 10. f3 Rc8 11. 0-0 Be7 12. Kh1 d5 13. exd5 Nxd5 14. Nxd5 Bxd5 15. a4 Nb6 16. axb5 Nc4 17. Bxc4 Bxc4 18. Rfd1 Bxb5 19. Nxb5 Qxd2 20. Rxd2 axb5 21. Ra7 Bf6 22. c3 0-0 23. Rb7 Rb8 24. Rdd7 h5 25. Kg1 Be5 26. Bc5 Rfc8 27. Ba7 Rxb7 28. Rxb7 Ra8 29. Rxb5 Bxc3 30. bxc3 Rxa7 31. Rxh5 Rc7 32. Rb5 Rxc3 1/2-1/2

[Event "Vilafranca del Penedes op 5th"]
[Site "Vilafranca del Penedes"]
[Date "2011.04.29"]
[Round "3.6"]
[White "Fernandez Diaz, Cristian"]
[Black "Sanchez Urpi, Oriol"]
[Result "1-0"]
[WhiteElo "2052"]
[BlackElo "1962"]
[PlyCount "109"]
[EventDate "2011.04.08"]
[EventType "swiss"]
[EventRounds "8"]
[EventCountry "ESP"]
[SourceTitle "EXT 2024"]
[Source "ChessBase"]
[SourceDate "2023.10.10"]
[SourceVersion "1"]
[SourceVersionDate "2023.10.10"]
[SourceQuality "1"]

1. d4 Nf6 2. Bg5 e6 3. e4 h6 4. Bxf6 Qxf6 5. Nc3 Bb4 6. Nge2 c5 7. a3 Bxc3+ 8. Nxc3 cxd4 9. Nb5 Qe5 10. Qxd4 Qxd4 11. Nxd4 a6 12. 0-0-0 d6 13. Be2 Ke7 14. g4 Nc6 15. Nb3 b5 16. h4 Bb7 17. Rhg1 Rac8 18. h5 Ne5 19. Nd2 Nc4 20. Bxc4 bxc4 21. c3 Rc5 22. f3 Rd8 23. Nf1 d5 24. e5 d4 25. cxd4 Bxf3 26. Nd2 Bxd1 27. dxc5 Be2 28. Re1 Bxg4 29. Nxc4 Bxh5 30. Nd6 Kd7 31. b4 Kc6 32. Kb2 Kd5 33. Nxf7 Rf8 34. Nd6 Rf2+ 35. Kb3 g5 36. Ne4 Rf3+ 37. Nc3+ Kc6 38. Rh1 Bg6 39. Rxh6 Bf5 40. Rh8 Re3 41. a4 Rxe5 42. Kc4 Re1 43. b5+ axb5+ 44. axb5+ Kc7 45. b6+ Kb7 46. Rg8 e5 47. Rg7+ Kc8 48. c6 Be6+ 49. Kb4 Rf1 50. Re7 Bf7 51. b7+ Kb8 52. Rd7 Rf4+ 53. Ka5 Rd4 54. Rxd4 exd4 55. Kb6 1-0

[Event "Catalunya-ch U20"]
[Site "Vila Seca"]
[Date "2011.04.21"]
[Round "3"]
[White "Sanchez Urpi, Oriol"]
[Black "Cano Egea, Joan Manuel"]
[Result "1-0"]
[WhiteElo "1962"]
[BlackElo "1440"]
[PlyCount "71"]
[EventDate "2011.04.20"]
[EventType "swiss"]
[EventRounds "8"]
[EventCountry "ESP"]
[SourceTitle "EXT 2012"]
[Source "ChessBase"]
[SourceDate "2011.11.24"]
[SourceVersion "1"]
[SourceVersionDate "2011.11.24"]
[SourceQuality "1"]

1. e4 e5 2. Bc4 Nc6 3. d3 d6 4. f4 exf4 5. Bxf4 Be7 6. Nf3 Nf6 7. Nc3 0-0 8. 0-0 Bg4 9. h3 Bh5 10. Qd2 Bxf3 11. Rxf3 Ne5 12. Bxe5 dxe5 13. Raf1 h5 14. Kh2 a6 15. Nd5 b5 16. Bb3 c6 17. Nxe7+ Qxe7 18. Rf5 a5 19. a3 a4 20. Ba2 Rad8 21. Qg5 Rd6 22. Rxe5 Qc7 23. Kh1 Nh7 24. Qxh5 Rh6 25. Rxf7 Rxf7 26. Re8+ Nf8 27. Qc5 Rd6 28. e5 Qd7 29. Rxf8+ Kxf8 30. Bxf7 Kxf7 31. Qxd6 Qxd6 32. exd6 Ke6 33. d7 Kxd7 34. g4 g5 35. h4 gxh4 36. Kh2 1-0

[Event "Figueres op 11th"]
[Site "Figueres"]
[Date "2010.08.17"]
[Round "8"]
[White "Sanchez Urpi, Oriol"]
[Black "Parals Marce, Luis"]
[Result "0-1"]
[WhiteElo "1911"]
[BlackElo "2058"]
[PlyCount "54"]
[EventDate "2010.08.11"]
[EventType "swiss"]
[EventRounds "9"]
[EventCountry "ESP"]
[SourceTitle "CBM 137 Extra"]
[Source "ChessBase"]
[SourceDate "2010.09.01"]
[SourceVersion "1"]
[SourceVersionDate "2010.09.01"]
[SourceQuality "1"]

1. e4 c5 2. Nf3 e6 3. d4 cxd4 4. Nxd4 a6 5. Bd3 Bc5 6. Nb3 Ba7 7. 0-0 Nc6 8. Qg4 Nf6 9. Qxg7 Rg8 10. Qh6 Rg6 11. Qd2 Ne5 12. Qe2 Nfg4 13. h3 Qh4 14. Kh1 Nxf2+ 15. Rxf2 Qxf2 16. Qxf2 Bxf2 17. Nc3 b5 18. Bf4 d6 19. Rd1 Nxd3 20. cxd3 e5 21. Bh2 Be6 22. Nd2 Rc8 23. a3 Ke7 24. Nf3 Rcg8 25. g4 h5 26. Rf1 Ba7 27. Nh4 Rg5 0-1

[Event "Figueres op 11th"]
[Site "Figueres"]
[Date "2010.08.12"]
[Round "2"]
[White "Casanellas Ruano, Lluis"]
[Black "Sanchez Urpi, Oriol"]
[Result "1-0"]
[WhiteElo "2182"]
[BlackElo "1911"]
[PlyCount "71"]
[EventDate "2010.08.11"]
[EventType "swiss"]
[EventRounds "9"]
[EventCountry "ESP"]
[SourceTitle "CBM 137 Extra"]
[Source "ChessBase"]
[SourceDate "2010.09.01"]
[SourceVersion "1"]
[SourceVersionDate "2010.09.01"]
[SourceQuality "1"]

1. e4 c5 2. Nf3 d6 3. Bb5+ Bd7 4. Bxd7+ Qxd7 5. 0-0 Nc6 6. c3 Nf6 7. Re1 g6 8. d4 cxd4 9. cxd4 Bg7 10. Nc3 0-0 11. h3 Rfd8 12. Be3 b5 13. e5 Ne8 14. Bf4 b4 15. e6 fxe6 16. Ne4 Nc7 17. Qd3 e5 18. dxe5 dxe5 19. Qxd7 Rxd7 20. Be3 Ne6 21. Rac1 Ncd4 22. Bxd4 exd4 23. Rc6 Kf7 24. Nfd2 Nf4 25. Nc4 Kf8 26. g3 Nh5 27. Ng5 Kg8 28. Ne6 Bf6 29. Nc5 Rd5 30. Nd3 a5 31. Nb6 Rad8 32. Nxd5 Rxd5 33. h4 Kf7 34. g4 Bxh4 35. gxh5 Rxh5 36. Re5 1-0

[Event "ESP-ch U16"]
[Site "Granada"]
[Date "2009.07.14"]
[Round "2"]
[White "Sanchez Urpi, Oriol"]
[Black "Rioboo de la Riva, Alvaro"]
[Result "1-0"]
[WhiteElo "1889"]
[BlackElo "2150"]
[PlyCount "85"]
[EventDate "2009.07.14"]
[EventType "swiss"]
[EventRounds "9"]
[EventCountry "ESP"]
[SourceTitle "CBM 131 Extra"]
[Source "ChessBase"]
[SourceDate "2009.09.03"]
[SourceVersion "2"]
[SourceVersionDate "2009.09.16"]
[SourceQuality "1"]

1. e4 c5 2. Nf3 g6 3. d4 cxd4 4. Nxd4 Nc6 5. Nc3 Bg7 6. Be3 Nf6 7. Nxc6 bxc6 8. e5 Ng8 9. Bd4 Nh6 10. e6 f6 11. exd7+ Bxd7 12. Bc4 Qa5 13. 0-0 Rd8 14. Re1 Bg4 15. f3 e5 16. fxg4 c5 17. Bb5+ Kf7 18. Bxc5 Rxd1 19. Rexd1 Bf8 20. Bc4+ Ke8 21. Bb5+ Kf7 22. Rd7+ Ke6 23. Bxa7 Nxg4 24. h3 Bb4 25. Rad1 h5 26. Bc4+ Kf5 27. hxg4+ hxg4 28. Rf1+ Kg5 29. Be3+ Kh4 30. Ne4 f5 31. g3+ Kh3 32. Kf2 Kh2 33. Rdd1 Be1+ 34. Rdxe1 Qxe1+ 35. Rxe1 fxe4 36. Bd5 g5 37. Bxe4 Rf8+ 38. Bf4 Rxf4+ 39. gxf4 g3+ 40. Kf3 exf4 41. Kg4 f3 42. Bxf3 g2 43. Kxg5 1-0